000 00295nam a2200097Ia 4500
082 _aEF|JACK
245 0 _aLolly Jackson : when fantasy becomes reality
100 _a Newman, Sean Auckland Park, South Africa, 2012
_954863
942 _cBK
008 210817s9999 xx 000 0 und d
999 _c173105
_d173105